| 000 | 00444nam a2200169 a 4500 | ||
|---|---|---|---|
| 001 | 6958 | ||
| 003 | CO-ViMGA | ||
| 008 | 141112s2004 ck r 000 u spa d | ||
| 040 |
_aCO-ViMGA _bspa _cCO-ViMGA |
||
| 082 | 0 | 4 | _a651.75 C177 |
| 100 | 1 |
_aCastillo Peña, Leonor _95974 |
|
| 245 | 1 | 0 | _aCorrespondencia comercial básica |
| 260 |
_aMexico : _bTrillas, _c1996 |
||
| 300 | _a2 v | ||
| 650 | 1 | 4 |
_aCORRESPONDENCIA COMERCIAL _95975 |
| 942 |
_2ddc _cBK |
||
| 999 |
_c18925 _d18925 |
||